Komparatívna analýza účtovníctva rozpočtovej organizácie a príspevkovej organizácie diplomová práca

Salvato in:
Dettagli Bibliografici
Autore principale: Kupčová, Zuzana
Ente Autore: Fakulta hospodárskej informatiky EU. Katedra účtovníctva a audítorstva
Altri autori: Kovalčíková, Antónia
Natura: Libro
Lingua:slovacco
Pubblicazione: Bratislava 2012
Tags: Aggiungi Tag
Nessun Tag, puoi essere il primo ad aggiungerne!!

MARC

LEADER 00000nbm a2200000 4500
001 0154727
005 20161109102140.6
041 0 |a slo 
044 |a SK 
245 1 0 |a Komparatívna analýza účtovníctva rozpočtovej organizácie a príspevkovej organizácie  |b diplomová práca  |c Zuzana Kupčová ; školiteľ: Antónia Kovalčíková 
264 1 |a Bratislava  |c 2012 
300 |a 73 s. 
100 1 |a Kupčová, Zuzana 
700 1 |a Kovalčíková, Antónia 
710 2 |a Fakulta hospodárskej informatiky EU. Katedra účtovníctva a audítorstva